000 01102cam a2200265 i 4500
003 SA-RiAUC
005 20240930143528.0
008 240924s1983 ||| g 00010 ara c
040 _aSA-MaUQU
_bara
_cSA-RiAUC
_erda
082 0 0 _a237
_bأ د ش
082 0 4 _a237.7
090 _a237.7
_bا ب ن د
100 1 _aابن دقيق العيد، محمد بن علي بن وهب،
_d625-702 هجري
_eمؤلف.
245 1 0 _aشرح الأربعين حديثا النووية/
_cلابن دقيق العيد.
264 1 _aالطائف, السعودية :
_bمكتبة المعارف،
_c1981
300 _a[متعدد الترقيم] ؛
_c24 سم
336 _aنص
_btxt
_2rdacontent
_3كتاب
337 _aبدون وسيط
_bn
_2rdamedia
338 _aمجلد
_bnc
_2rdacarrier
650 7 _aالحديث
_xالأربعون حديثا
_2aucsh
700 1 2 _aالنووي، يحيى بن شرف بن مري،
_d631-676 هجري
740 2 2 _aالأربعين النووية في الأحاديث الصحيحة النبوية.
942 _2ddc
_cBOOK
_n0
949 _aSA-JeALM
_d240924
_umohamedma123
_n1
999 _c707
_d707